|
|
|
|
| LEADER |
01790nam a22003614a 4500 |
| 001 |
35409 |
| 003 |
BD-DhAAL |
| 005 |
20211129124938.0 |
| 008 |
190911t2002 mau b 001 0 eng d |
| 999 |
|
|
|c 41207
|d 41207
|
| 010 |
|
|
|a 2002000420
|
| 020 |
|
|
|a 9781578514373
|
| 020 |
|
|
|a 1578514371
|
| 020 |
|
|
|a 1578514371 (alk. paper)
|
| 040 |
|
|
|a DLC
|c DLC
|d DLC
|d BD-DhAAL
|
| 042 |
|
|
|a pcc
|
| 050 |
0 |
0 |
|a HD57.7
|b .H399 2002
|
| 082 |
0 |
0 |
|a 303.34
|2 21
|
| 100 |
1 |
|
|a Heifetz, Ronald A.
|q (Ronald Abadian),
|d 1951-
|9 34420
|
| 245 |
1 |
0 |
|a Leadership on the line :
|b staying alive through the dangers of leading /
|c Ronald A. Heifetz and Marty Linsky.
|
| 260 |
|
|
|a Boston, Mass. :
|b Harvard Business School Press,
|c c2002.
|
| 300 |
|
|
|a xi, 252 pages ;
|c 24 cm.
|
| 504 |
|
|
|a Includes bibliographical references and index.
|
| 526 |
|
|
|a BIED
|
| 541 |
|
|
|a Complimentary copy from BIED
|e 35409, 36254
|
| 650 |
|
0 |
|a Leadership.
|9 34421
|
| 650 |
|
0 |
|a Social sciences.
|9 34422
|
| 700 |
1 |
|
|a Linsky, Martin.
|9 34423
|
| 852 |
|
|
|a Ayesha Abed Library
|c BIED Collection
|
| 942 |
|
|
|2 ddc
|c BK
|
| 952 |
|
|
|0 0
|1 0
|2 ddc
|4 0
|6 303_340000000000000_HEI
|7 0
|9 66240
|a BRACUL
|b BRACUL
|c GEN
|d 2019-09-11
|e Complimentary copy from BIED
|l 4
|m 10
|o 303.34 HEI
|p 3010035409
|r 2024-02-19
|s 2024-01-09
|t 2
|w 2019-09-11
|y BK
|x Transferred from BIED to General Stacks
|
| 952 |
|
|
|0 0
|1 0
|2 ddc
|4 0
|6 303_340000000000000_HEI
|7 0
|9 66311
|a BRACUL
|b BRACUL
|c GEN
|d 2019-09-15
|e Complimentary copy from BIED
|l 3
|m 19
|o 303.34 HEI
|p 3010035350
|r 2020-02-02
|s 2020-01-18
|t 1
|w 2019-09-15
|y BK
|x Transferred from BIED to General Stacks
|
| 952 |
|
|
|0 0
|1 0
|2 ddc
|4 0
|6 303_340000000000000_HEI
|7 0
|9 67093
|a BRACUL
|b BRACUL
|c GEN
|d 2019-11-07
|e Complimentary copy from BIED
|l 2
|m 58
|o 303.34 HEI
|p 3010036254
|r 2026-04-20
|s 2025-09-18
|t 3
|w 2019-11-07
|y BK
|x Transferred from BIED to General Stacks
|